| 000 | 00350 a2200157 4500 | ||
|---|---|---|---|
| 003 | Nust | ||
| 005 | 20170207153534.0 | ||
| 040 | _cNust | ||
| 082 | _a891.439 | ||
| 100 | _aIbn-e-Insha, | ||
| 245 |
_aAwra Gardi ke Diary _cIbn-e-Insha |
||
| 260 |
_aLahore _bLahore Academy |
||
| 300 | _a319 | ||
| 538 | _aAlmirah No.61 and Shelf No.1 | ||
| 650 | _aSafarnama | ||
| 942 |
_2ddc _cBK |
||
| 999 |
_c188140 _d188140 |
||